Քրիստոնեության հանճարը : (Record no. 243093)
[ view plain ]
| 000 -LEADER | |
|---|---|
| fixed length control field | 01078nam a2200253 u 4500 |
| 001 - CONTROL NUMBER | |
| control field | 000594696 |
| 003 - CONTROL NUMBER IDENTIFIER | |
| control field | AM-YeHGA |
| 005 - DATE AND TIME OF LATEST TRANSACTION | |
| control field | 20250618073522.0 |
| 008 - FIXED-LENGTH DATA ELEMENTS--GENERAL INFORMATION | |
| fixed length control field | 080812s2008 ai |||||||||||||||0|arm|d |
| 020 ## - INTERNATIONAL STANDARD BOOK NUMBER | |
| International Standard Book Number | 9789993075776 |
| 040 ## - CATALOGING SOURCE | |
| Original cataloging agency | AM-YeHGA |
| 041 1# - LANGUAGE CODE | |
| Language code of text/sound track or separate title | arm |
| Language code of original | fre |
| 090 ## - LOCALLY ASSIGNED LC-TYPE CALL NUMBER (OCLC); LOCAL CALL NUMBER (RLIN) | |
| -- | 244674 |
| 100 1# - MAIN ENTRY--PERSONAL NAME | |
| Personal name | Շատոբրիան, Ֆրանսուա-Ռընե դը |
| 245 10 - TITLE STATEMENT | |
| Title | Քրիստոնեության հանճարը : |
| Remainder of title | (Ընտիր հատվածներ) / |
| Statement of responsibility, etc. | Շատոբրիան ; Ֆրանս. թարգմ. և ծանոթագր.՝ Պ. Շահբազյան. |
| 246 15 - VARYING FORM OF TITLE | |
| Title proper/short title | Le génie du christianisme : |
| Remainder of title | (Extraits) |
| 260 ## - PUBLICATION, DISTRIBUTION, ETC. | |
| Place of publication, distribution, etc. | Էջմիածին : |
| Name of publisher, distributor, etc. | Մայր Աթոռ Ս. Էջմիածին, |
| Date of publication, distribution, etc. | 2008. |
| 300 ## - PHYSICAL DESCRIPTION | |
| Extent | 224 էջ ; |
| Dimensions | 21 սմ. |
| 440 #0 - SERIES STATEMENT/ADDED ENTRY--TITLE | |
| Title | Հանրամատչելի գրականություն ; |
| Volume/sequential designation | Ա |
| 650 14 - SUBJECT ADDED ENTRY--TOPICAL TERM | |
| Topical term or geographic name entry element | Քրիստոնեական գրականություն |
| 9 (RLIN) | 5165 |
| 700 1# - ADDED ENTRY--PERSONAL NAME | |
| Personal name | Շահբազյան, Պարգև |
| Relator term | թարգմ. |
| Relationship | trl |
| Relator term | ծանոթագր. |
| Relationship | cmm |
| 856 41 - ELECTRONIC LOCATION AND ACCESS | |
| Uniform Resource Identifier | <a href="http://haygirk.nla.am/upload/1941-/shatobrian_2008.pdf">http://haygirk.nla.am/upload/1941-/shatobrian_2008.pdf</a> |
| Link text | Կարդալ առցանց |
| 942 ## - ADDED ENTRY ELEMENTS (KOHA) | |
| Source of classification or shelving scheme | Universal Decimal Classification |
| Koha item type | Գրքեր / Books |
| Withdrawn status | Lost status | Source of classification or shelving scheme | Damaged status | Not for loan | Collection | Home library | Current library | Date acquired | Total checkouts | Full call number | Barcode | Date last seen | Price effective from | Koha item type | Public note | Cost, normal purchase price |
|---|---|---|---|---|---|---|---|---|---|---|---|---|---|---|---|---|
| Universal Decimal Classification | General | Fundamental Scientific Library | Fundamental Scientific Library | 28/12/2016 | AII/93665 | FL0078092 | 28/12/2016 | 28/12/2016 | Գրքեր / Books | 30 Days Loan | ||||||
| Universal Decimal Classification | General | Fundamental Scientific Library | Fundamental Scientific Library | 28/12/2016 | AII/93666 | FL0078091 | 28/12/2016 | 28/12/2016 | Գրքեր / Books | 30 Days Loan | 1500.00 | |||||
| Universal Decimal Classification | General | Fundamental Scientific Library | Fundamental Scientific Library | 22/01/2024 | AII/111300 | FL0681859 | 12/02/2024 | 22/01/2024 | Գրքեր / Books | 30 Days Loan |
ՀՀ Գիտությունների ազգային ակադեմիայի հիմնարար գիտական գրադարան = Fundamental Scientific Library of NAS RA
All site content, except where otherwise noted, is licensed under a